| 000 | 00446nam a2200157 4500 | ||
|---|---|---|---|
| 001 | 121598 | ||
| 003 | ES-MaACL | ||
| 005 | 20230906191800.0 | ||
| 007 | t| | ||
| 008 | 070214s1967 sp r ||||1| spa d | ||
| 100 | 1 |
_aPorro CardeƱoso, Julio. _993168 |
|
| 245 | 1 | 0 |
_aJesucristo _b: ( sugerencias) / _cJulio Porro CardeƱoso. |
| 260 |
_aMadrid : _bEl Reino, _c1967. |
||
| 300 |
_aXXXIX, 873 p. ; _c19 cm. |
||
| 852 |
_aES-MaACL _jC-32890 _bR.63852 |
||
| 999 |
_c121598 _d121598 |
||